Normal view
MARC view
Entry Personal Name
001 - CONTROL NUMBER
- control field: 7765
003 - CONTROL NUMBER IDENTIFIER
- control field: OSt
005 - DATE AND TIME OF LATEST TRANSACTION
- control field: 20211028144232.0
008 - FIXED-LENGTH DATA ELEMENTS
- fixed length control field: 211028|| aca||aabn | a|a d
040 ## - CATALOGING SOURCE
- Original cataloging agency: OSt
- Transcribing agency: OSt
100 ## - HEADING--PERSONAL NAME
- Personal name: Thomas, Akarsh; Wright, Rowena.
- Miscellaneous information: 1616008
670 ## - SOURCE DATA FOUND
- Source citation: Work cat.: (OSt): Thomas, Akarsh; Wright, Rowena. 1616008, Study on the challenges to acquire the customer citizenship behaviour with special reference to the clubbers under mdotbuzz, entertainment pvt ltd Bangalore Karnataka., 2018